Vývoj úplných nákladov práce v Slovenskej republike v rokoch 1996-2000

Náklady práce v Slovenskej republike. Ročné náklady práce. Mesačné náklady práce. Štruktúra mesačných nákladov práce. Nepriame náklady práce. Diferenciácia mesačných nákladov práce. Vývoj úplných nákladov práce v SR v rokoch 1996-2000.

Guardado en:
Detalles Bibliográficos
Autor principal: Adamica, Peter
Formato: Capítulo de libro
Lenguaje:eslovaco
Materias:
Etiquetas: Agregar Etiqueta
Sin Etiquetas, Sea el primero en etiquetar este registro!

MARC

LEADER 00000naa a2200000 4500
001 r045332
005 20231002090607.8
041 0 |a slo 
044 |a SK 
245 1 0 |a Vývoj úplných nákladov práce v Slovenskej republike v rokoch 1996-2000  |c Peter Adamica 
520 |a Náklady práce v Slovenskej republike. Ročné náklady práce. Mesačné náklady práce. Štruktúra mesačných nákladov práce. Nepriame náklady práce. Diferenciácia mesačných nákladov práce. Vývoj úplných nákladov práce v SR v rokoch 1996-2000. 
610 2 0 |a náklady práce 
610 2 0 |a Slovensko 
610 2 0 |a údaje štatistické 
610 2 0 |a 1996-2000 
610 2 0 |a mzdy 
610 2 0 |a odmeny 
610 2 0 |a platy 
610 2 0 |a odvetvia činnosti ekonomickej 
100 1 |a Adamica, Peter